Therapeutic Strategies for Heart Failure

This book introduces pathophysiology and practical heart failure (HF) management at the acute, in-hospital stages during hospitalization and also in the end-stages of HF. Given its increasing incidence and prevalence, we live in a world that is essentially facing an HF pandemic. A country with an ag...

Ausführliche Beschreibung

Gespeichert in:
Bibliographische Detailangaben
Format: Elektronisch E-Book
Sprache:Englisch
Veröffentlicht: Tokyo : Springer Japan , 2018.
Ausgabe:1st ed. 2018.
Schlagworte:
ISBN:9784431560654
Online-Zugang: Volltext
Tags: Tag hinzufügen
Keine Tags, Fügen Sie den ersten Tag hinzu!

MARC

LEADER 00000nam a22000005i 4500
003 SK-BrCVT
005 20220618103438.0
007 cr nn 008mamaa
008 180126s2018 ja | s |||| 0|eng d
020 |a 9784431560654 
024 7 |a 10.1007/978-4-431-56065-4  |2 doi 
035 |a CVTIDW14720 
040 |a Springer-Nature  |b eng  |c CVTISR  |e AACR2 
041 |a eng 
245 1 0 |a Therapeutic Strategies for Heart Failure  |h [electronic resource] /  |c edited by Naoki Sato. 
250 |a 1st ed. 2018. 
260 1 |a Tokyo :  |b Springer Japan ,  |c 2018. 
300 |a IX, 92 p. 36 illus., 20 illus. in color.  |b online resource. 
500 |a Medicine  
516 |a text file PDF 
520 |a This book introduces pathophysiology and practical heart failure (HF) management at the acute, in-hospital stages during hospitalization and also in the end-stages of HF. Given its increasing incidence and prevalence, we live in a world that is essentially facing an HF pandemic. A country with an ageing population, Japan is unique in terms of the selection of medical treatment, diagnostic techniques, team managing and other approaches. This book sheds new light on the clinical challenges involved in reducing re-hospitalization and improving patients' prognosis and ADL/QOL, while also reporting on the status quo in Japan. By highlighting these challenges and the methods used to address them, it will encourage experts around the globe to intensively discuss and accelerate research in this field. Including contributions by authors who have played central roles in managing HF in Japan, the book offers an indispensable guide not only for clinicians, technicians and nurses in this field, but also for general physicians, emergency physicians and all others who are involved in the management of acute and end-stage HF. 
650 0 |a Cardiology. 
650 0 |a Critical care medicine. 
856 4 0 |u http://hanproxy.cvtisr.sk/han/cvti-ebook-springer-eisbn-978-4-431-56065-4  |y Vzdialený prístup pre registrovaných používateľov 
910 |b ZE12000 
919 |a 978-4-431-56065-4 
974 |a andrea.lebedova  |f Elektronické zdroje 
992 |a SUD 
999 |c 245854  |d 245854